000 00934nam a2200301Ia 4500
001 3065
003 IT-RoPAU
008 130308s9999 xx 000 0 und d
040 _aIT-RoPAU
040 _cIT-RoPAU
041 _aFRANCESE
100 _aVogel Cyrille
100 _gCodice Aut. SPICS: 10613
245 _aAutonomie de la communautè paleochretienne et organes de coordination supra-locaux (Du III au V siecle)
245 _bCommunion et Communication
250 _a1a ed.
260 _aGENEVE
260 _bLabor Et Fides
260 _c1978 [1° Ed.:1978 - Ed.Ling.Originale:1978]
300 _a"18 p. (prefazione: no ; testo: 18 [pagine: 13-30])"
500 _aAutonomia della Comunità paleocristiana e Organi di coordinazione programma Romano
650 _aSAGGI TEOLOGIA COMUNICAZIONE SOCIALE
650 _eCodice materia Spics: 9211
942 _cBK
957 _71
999 _c64016
_d64016
999 _bSI
999 _g1